000
00212nam a22000857a 4500
008
170622b xxu||||| |||| 00| 0 eng d
100
_9
3619
_a
NCERT
245
_a
Lab manual science - X
260
_a
New Delhi
_b
NCERT
_c
2009
999
_c
7008
_d
7008